书目信息 |
| 题名: |
运输实务
|
|
| 作者: | 陈志红 主编 | |
| 分册: | ||
| 出版信息: | 北京 人民交通出版社 2005.07 |
|
| 页数: | 163页 | |
| 开本: | 26cm | |
| 丛书名: | ||
| 单 册: | ||
| 中图分类: | U | |
| 科图分类: | ||
| 主题词: | 货物运输--基本知识 | |
| 电子资源: | ||
| ISBN: | 7-114-05622-2 | |
| 000 | 00578 nam 000217 | |
| 001 | 012000000348 | |
| 005 | 20070902160605.89 | |
| 010 | @a7-114-05622-2@dCNY14.30 | |
| 100 | @a20070716d2005 em y0chiy0121 ea | |
| 101 | @achi | |
| 102 | @aCN@b110000 | |
| 105 | @ay z 000yy | |
| 200 | 10 | @a运输实务@9yun shu shi wu@f陈志红主编@Fchen zhi hong zhu bian |
| 210 | @a北京@c人民交通出版社@d2005.07 | |
| 215 | @a163页@d26cm | |
| 606 | @a货物运输@x基本知识 | |
| 690 | @aU@v4 | |
| 701 | 0 | @a陈志红@9chen zhi hong@4主编 |
| 801 | @aCN@c20070902 | |
| 901 | @a000002 | |
| 905 | @dU@eC650 | |
| 运输实务/陈志红主编.-北京:人民交通出版社,2005.07 |
| 163页;26cm |
| ISBN 7-114-05622-2:CNY14.30 |
| ● |
| 相关链接 |
|
|
|
正题名:运输实务
索取号:U/C650
 
预约/预借
| 序号 | 登录号 | 条形码 | 馆藏地/架位号 | 状态 | 备注 |
| 1 | 642588 | 206425885 | 自科库501/501自科库 48排7列4层/ [索取号:U/C650] | 在馆 | |
| 2 | 642589 | 206425894 | 自科库501/501自科库 48排7列4层/ [索取号:U/C650] | 在馆 |